Gobiernos revolucionarios y educación popular en México, 1911-1928 / (Record no. 153869)

MARC details
000 -LEADER
fixed length control field nam a22 7a 4500
005 - DATE AND TIME OF LATEST TRANSACTION
control field 20200124145628.0
008 - FIXED-LENGTH DATA ELEMENTS--GENERAL INFORMATION
fixed length control field 200124b mx ||||| |||| 00| 0 spa d
020 ## - INTERNATIONAL STANDARD BOOK NUMBER
International Standard Book Number 9681208447
050 04 - LIBRARY OF CONGRESS CALL NUMBER
Classification number LC5148.M4
Item number L69 1999
100 1# - MAIN ENTRY--PERSONAL NAME
Personal name Loyo, Engracia
245 10 - TITLE STATEMENT
Title Gobiernos revolucionarios y educación popular en México, 1911-1928 /
Statement of responsibility, etc Engracia Loyo
250 ## - EDITION STATEMENT
Edition statement 1a ed.
260 ## - PUBLICATION, DISTRIBUTION, ETC. (IMPRINT)
Place of publication, distribution, etc México :
Name of publisher, distributor, etc El Colegio de México,
Date of publication, distribution, etc 1999
300 ## - PHYSICAL DESCRIPTION
Extent xix, 369 p. ;
Dimensions 22 cm.
490 0# - SERIES STATEMENT
Series statement Centro de Estudios Históricos
650 #7 - SUBJECT ADDED ENTRY--TOPICAL TERM
Source of heading or term lemb
Topical term or geographic name as entry element Educación rural
Geographic subdivision México
General subdivision Historia
Chronological subdivision Siglo XX
650 #7 - SUBJECT ADDED ENTRY--TOPICAL TERM
Source of heading or term lemb
Topical term or geographic name as entry element Educación y Estado
Geographic subdivision México
General subdivision Historia
Chronological subdivision Siglo XX
650 #7 - SUBJECT ADDED ENTRY--TOPICAL TERM
Source of heading or term lemb
Topical term or geographic name as entry element Educación
Geographic subdivision México
Chronological subdivision Historia, 1910-1946
942 ## - ADDED ENTRY ELEMENTS (KOHA)
Source of classification or shelving scheme Biblioteca del Cogreso de los Estados Unidos
Koha item type Libro
Holdings
Estado de pérdida Fuente de clasificación Estado del daño No para préstamo Ubicación permanente Ubicación actual Apartado o colección Fecha de adquisición Área del conocimiento Clasificación Código de Barras Date last seen Número de copia Costo por reposición Tipo de recurso
  Biblioteca del Cogreso de los Estados Unidos     Biblioteca del Instituto de Investigaciones Históricas Biblioteca del Instituto de Investigaciones Históricas General 24/01/2020 Educación y Humanidades LC5148.M4 L69 r2003 IIH000030033 24/01/2020 C:1 1.00 Libro